000 01749 a2200241 4500
001 25056
005 20260407155534.0
008 260407a1967 arg spa d
003 AR-UNSa-BCEJYS
040 _aAR-UNSa-BCEJYS
_bspa
_cAR-UNSa-BCEJYS
080 _a519.22
_xTeoría estadística. Modelos estadísticos. Estadística matemática en general
245 1 0 _aMétodos estadísticos aplicados a la economía y a los negocios
250 _a9a. ed
264 1 _aMadrid :
_bAguilar
_c1967
300 _a744 p.
_c21 cm.
505 _a1. Los métodfos estdísticos y los problemas económicos y comerciales - 2. Representación gráfica - 3. Elaboración de los datos estadísticos - 4. Estudio de la distribución de fecuencias : Promedios - 5. Estudio de la distribución de frecuencia-Medidas de disperción y asimetria - 6. Números índices de precios - 7. Análisis de las series cronólogicas - 8. Análisis de las series cronólogicas (conclusión) - 9. Números índices de producción - 10. Medida de la relación.Correlación rectilínea - 11. Medida en la relación entre series cronólogicas - 12. Medida de la relación.Correlación curvilínea - 13. Probalilidades elemetales y la curva normal de error - 14. La inducción estdística y el problema de la selección de muestras - 15. Análisis de la "variance" - 16. Medida de la relación. Correlación múltiple y parcial - 17. La medida de la relación y el problema de la estimación - 18. La inducción estadística y el problema de la selección de muestras (conclusión.
942 _cBK
590 _aniveau_biblio:m niveau_hierar:0
100 1 _aMills, Frederick Cecil
700 1 _aRuiz Magan, Juan
700 1 _aGastardi, Enrique
700 1 _aRuiz Rubio, Juan Jose
999 _c1282
_d1282